书目信息 |
| 题名: |
马克思恩格斯列宁斯大林论无产阶级革命政党
|
|
| 作者: | 本社编 | |
| 分册: | ||
| 出版信息: | 北京 人民出版社 1977 |
|
| 页数: | 19页 | |
| 开本: | 20cm | |
| 丛书名: | ||
| 单 册: | ||
| 中图分类: | A562 | |
| 科图分类: | ||
| 主题词: | 马列主义党-马列著作 , 马列著作-马列主义党 | |
| 电子资源: | ||
| ISBN: | ||
| 000 | 00647nam0 2200217 45 | |
| 001 | 0178002487 | |
| 005 | 20060727091541.95 | |
| 010 | @dCNY0.08 | |
| 091 | @aCN@b1001.1045 | |
| 100 | @a19950714d1977 em y0chiy0121 ea | |
| 101 | 0 | @achi |
| 102 | @aCN@b110000 | |
| 105 | @ay z 000yy | |
| 200 | 10 | @a马克思恩格斯列宁斯大林论无产阶级革命政党@f本社编@Fben she bian@Ama ke si en ge si lie ning si da lin lun wu chan jie ji ge ming zheng dang |
| 210 | @a北京@c人民出版社@d1977 | |
| 215 | @a19页@d20cm | |
| 606 | @a马列主义党-马列著作 | |
| 606 | @a马列著作-马列主义党 | |
| 690 | @aA562@v3 | |
| 801 | 0 | @aCN@bTSSF@c20060727 |
| 905 | @a10447@dA562@e54 | |
| 马克思恩格斯列宁斯大林论无产阶级革命政党/本社编.-北京:人民出版社,1977 |
| 19页;20cm |
| ISBN :CNY0.08 |
| ● |
| 相关链接 |
|
|
|
|
正题名:马克思恩格斯列宁斯大林论无产阶级革命政党
索取号:A562/54
 
预约/预借
| 序号 | 登录号 | 条形码 | 馆藏地/架位号 | 状态 | 备注 |
| 1 | 0439888 | 204398883 | 密集书库/ [索取号:A562/54] | 在馆 |